Music Quiz

Random Music or Song Quiz

We Are Never Ever Getting Back Together Quiz Stats

 Plays Quiz Updated Jul 17, 2018

Support Sporcle.
Go Orange.
Score 0/236 Timer 10:00
18 Plays Today
% Correct
[Chorus]
99.5%
[Chorus]
99.5%
we
99.1%
we
99.1%
We
99.1%
we
99.1%
We
99.1%
We
99.1%
we
99.1%
we
99.1%
we
99.1%
never
97%
never
97%
never
97%
'Never
97%
never.'
97%
never
97%
back
96.5%
back
96.5%
back
96.5%
back
96.5%
a
96.4%
a
96.4%
to
96.4%
to
96.4%
to
96.4%
to
96.4%
to
96.4%
getting
96.4%
getting
96.4%
getting
96.4%
getting
96.4%
are
96.4%
are
96.4%
are
96.4%
are
96.4%
together.
96%
together.
96%
together.
96%
together,
96%
ever
95.8%
ever
95.8%
ever
95.8%
ever
95.8%
ever
95.8%
ever
95.8%
ever
95.8%
ever.
95.8%
ever,
95.8%
ever!
95.8%
I
95.2%
I
95.2%
I
95.2%
I
95.2%
'I
95.2%
I
95.2%
I
95.2%
I
95.2%
'I
95.2%
(I'm just) I
94.9%
you
94.8%
you
94.8%
you
94.8%
you,
94.8%
you.'
94.8%
You
94.8%
you.
94.8%
you,
94.8%
you.
94.8%
You
94.8%
you
94.8%
you
94.8%
you
94.8%
you
94.8%
you.
94.8%
you.'
94.8%
you
94.8%
me.'
90.2%
me.
90.2%
% Correct
me,
90.2%
me
90.2%
me
90.2%
me
90.2%
Ooh,
85.9%
ooh
85.9%
Ooh,
85.9%
ooh,
85.9%
the
85.7%
up
83.9%
up.
83.9%
up
83.9%
up
83.9%
and
83.5%
and
83.5%
and
83.5%
and
83.5%
and
83.5%
and
83.5%
and
83.5%
And
83.5%
love
83.5%
love
83.5%
go
83%
like,
83%
Like,
83%
like,
83%
like,
83%
Like,
83%
like
83%
your
82.9%
your
82.9%
when
82.2%
when
82.2%
in
81%
my
80.6%
say,
80.5%
say,
80.5%
say,
80.5%
say
80.5%
time.
80.3%
time
80.3%
time
80.3%
it.
80%
it
80%
it
80%
is
79.6%
is
79.6%
friends,
79.5%
friends,
79.5%
talk
79.4%
talk
79.4%
talk
79.4%
'This
79%
this
79%
this
79%
this
79%
broke
78.1%
remember
78%
Remember
78%
that
77.9%
that
77.9%
that
77.9%
call
76.9%
first
76.9%
said
76.9%
I'm
76.9%
I'm
76.9%
I'm
76.9%
I'm
76.9%
I'm
76.9%
I'm
76.9%
I'm
76.9%
I'm
76.9%
for
76.6%
for
76.6%
but
74.6%
but
74.6%
but
74.6%
% Correct
had
73.9%
last
73%
What?
72.6%
hate
71.7%
again
71.5%
again
71.5%
again
71.5%
(Ugg) So
70.9%
of
70.8%
space.
70.2%
called
70%
called
70%
needed
69.9%
enough,'
69.4%
night,
69.3%
break
68.7%
miss
68.5%
miss
68.5%
month
68.3%
other
68.2%
telling
67.9%
telling
67.9%
telling
67.9%
telling
67.9%
'cause
67.9%
each
67.8%
seen
67.6%
I've
67.3%
he
67.2%
Then,
67.1%
Saying
66.1%
day?
64.5%
gonna
64.4%
gonna
64.4%
how
64.3%
off
63.9%
were
63.9%
mine.
63.6%
than
62.6%
'Baby,
62.6%
change.
61.8%
think
61.6%
much
60.6%
lasted
60.3%
swear
60.1%
cooler
60%
really
59.7%
used
59.5%
used
59.5%
record
59.4%
hadn't
59.3%
Trust
59%
come
58.9%
around
58.6%
that's
58.5%
No,
58.1%
indie
58.1%
right
57.8%
fights
57.6%
picking
57.1%
with
57.1%
forever
57%
some
55.6%
screaming
55.5%
tonight
54.6%
still
54.4%
falling
52.8%
mind
52.6%
find
50.4%
away
50.2%
calls
49.5%
hide
48.4%
peace
48.2%
know?
47.7%
exhausting,
47.6%
he's
46.8%
would
46.2%
mean
30.6%

You're not logged in!

Compare scores with friends on all Sporcle quizzes.
OR
Log In

From the Vault

Male Solo Artists by Picture II

by minshkins

Strong, independent men who don't need no bandmates.
Remove Ads.
Support Sporcle.
Get the best of Sporcle when you Go Orange. This ad-free experience offers more features, more stats, and more fun while also helping to support Sporcle. Thank you for becoming a member.

Show Comments

Extras

Top Quizzes Today


Score Distribution

Your Account Isn't Verified!

In order to create a playlist on Sporcle, you need to verify the email address you used during registration. Go to your Sporcle Settings to finish the process.

Report this User

Report this user for behavior that violates our Community Guidelines.

Details: